00716nam a2200193 a 450000100100000000500170001000800410002704000250006808200190009310000350011224500440014726000410019130000200023265000300025265000320028204900090031495201840032399900150050700000917020200929161515.0090928s1921 dr 000 p spa d aDO-SdBNPbspacBNPHU aV861.42bB641e1 aBlanco Fombona, Horacio92384210aEstalactitas /cHoracio Blanco Fombona. aSanto Domingo :bEl Progreso,c1921. a98 p. ;c22 cm. 4aPoesía venezolana94230 4aLiteratura venezolana93816 aBNPD 001050718RVaPDbPDcHDd2009-09-28iLF1l0oV861.42 B641ep9170-10r2020-06-25w2020-06-25y1zPerteneció a la biblioteca personal de Carlos Larrazabal Blanco.ZNo se presta c8934d8934